| 000 | 00835nam a22002297a 4500 | ||
|---|---|---|---|
| 005 | 2010080405135.0 | ||
| 010 | _aENG-98080 | ||
| 020 |
_a9788184501797 _c2880.00 |
||
| 035 | _aEN-81613 | ||
| 037 | _bDBAD/PUB | ||
| 082 | _a658.3 | ||
| 100 |
_aBhatia,S K _97309 |
||
| 245 |
_aHRM in global scenario : _bpractices and strategies for competitive success / _cBy S K Bhatia |
||
| 260 |
_aNew Delhi _bDeep & Deep Publication _c2009 |
||
| 270 |
_a2/13 Ansari Road Daryaganj _bNew Delhi _e110002 |
||
| 300 |
_axvi,557p _c25cm(Hb) |
||
| 500 | _aincludes index | ||
| 650 |
_aEmployees ratingof _97310 |
||
| 650 |
_aPersonnel management _97311 |
||
| 942 |
_2ddc _cEN _h658.3 _mBHA |
||
| 999 |
_c39241 _d39241 |
||